Compiler design : (Record no. 19539)
[ view plain ]
| 000 -LEADER | |
|---|---|
| fixed length control field | 01008cam a22003015a 4500 |
| 001 - CONTROL NUMBER | |
| control field | 17703818 |
| 005 - DATE AND TIME OF LATEST TRANSACTION | |
| control field | 20150611115941.0 |
| 008 - FIXED-LENGTH DATA ELEMENTS--GENERAL INFORMATION | |
| fixed length control field | 130419t2013 gw ak frb 001 0 eng d |
| 020 ## - INTERNATIONAL STANDARD BOOK NUMBER | |
| International Standard Book Number | 9783642175398 (hard cover : alk. paper) |
| 020 ## - INTERNATIONAL STANDARD BOOK NUMBER | |
| International Standard Book Number | 978642175404 (e-book) |
| 040 ## - CATALOGING SOURCE | |
| Original cataloging agency | DLC |
| Language of cataloging | eng |
| Transcribing agency | DLC |
| Modifying agency | EG-ScBUE |
| 082 04 - DEWEY DECIMAL CLASSIFICATION NUMBER | |
| Edition number | 22 |
| Item number | WIL |
| Classification number | 005.453 |
| 100 1# - MAIN ENTRY--PERSONAL NAME | |
| Personal name | Wilhelm, Reinhard. |
| 9 (RLIN) | 38137 |
| 245 10 - TITLE STATEMENT | |
| Title | Compiler design : |
| Remainder of title | syntactic and semantic analysis / |
| Statement of responsibility, etc | Reinhard Wilhelm, Helmut Seidl, Sebastian Hack. |
| 260 ## - PUBLICATION, DISTRIBUTION, ETC. (IMPRINT) | |
| Place of publication, distribution, etc | Verlag : |
| Name of publisher, distributor, etc | Springer, |
| Date of publication, distribution, etc | c.2013 |
| Manufacturer | (Acid-Free Paper) |
| 300 ## - PHYSICAL DESCRIPTION | |
| Extent | x, 225 p. : |
| Other physical details | forms, tables ; |
| Dimensions | 24 cm. |
| 500 ## - GENERAL NOTE | |
| General note | Index : p. 221-225. |
| 504 ## - BIBLIOGRAPHY, ETC. NOTE | |
| Bibliography, etc | Bibliography : p. 217-220. |
| 590 ## - LOCAL NOTE (RLIN) | |
| Local note | shima |
| 650 #7 - SUBJECT ADDED ENTRY--TOPICAL TERM | |
| Source of heading or term | BUEsh |
| Topical term or geographic name as entry element | Compilers (Computer programs) |
| 9 (RLIN) | 13036 |
| 650 #7 - SUBJECT ADDED ENTRY--TOPICAL TERM | |
| Topical term or geographic name as entry element | Computer software |
| General subdivision | Development. |
| Source of heading or term | BUEsh |
| 9 (RLIN) | 11535 |
| 651 ## - SUBJECT ADDED ENTRY--GEOGRAPHIC NAME | |
| Source of heading or term | BUEsh |
| 653 ## - INDEX TERM--UNCONTROLLED | |
| Resource For college | Informatics and Computer Science |
| -- | Engineering, General |
| Arrived date list | June2015 |
| 655 ## - INDEX TERM--GENRE/FORM | |
| Form subdivision | |
| -- | 34232 |
| 700 1# - ADDED ENTRY--PERSONAL NAME | |
| Personal name | Seidl, Helmut |
| 700 1# - ADDED ENTRY--PERSONAL NAME | |
| Personal name | Hack, Sebastian |
| 942 ## - ADDED ENTRY ELEMENTS (KOHA) | |
| Source of classification or shelving scheme | Dewey Decimal Classification |
| Withdrawn status | Lost status | Source of classification or shelving scheme | Damaged status | Not for loan | Koha collection | Home library | Current library | Shelving location | Date acquired | Source of acquisition | Cost, normal purchase price | Total Checkouts | Full call number | Barcode | Date last seen | Cost, replacement price | Koha item type |
|---|---|---|---|---|---|---|---|---|---|---|---|---|---|---|---|---|---|
| Dewey Decimal Classification | Baccah | Central Library | Central Library | Lower Floor | 09/06/2015 | 378.00 | 005.453 WIL | 000038451 | 15/07/2025 | 472.50 | Book - Borrowing |